Los límites del referendo sobre el TLC como instrumento de participación política en Costa Rica= The limits of CAFTA referendum as a tool por political participation in Costa Rica /
El presente es un estudio que aborda el referéndum sobre el TLC con los Estados Unidos desde una perspectiva de la comunicación política, analizando elementos tales como: la estructura el campo mediático en la que se desarrollaron las campañas, incluyendo televisión, radio, prensa escrita e Internet...
Shranjeno v:
| Glavni avtor: | |
|---|---|
| Format: | Texto |
| Teme: | |
| Oznake: |
Označite
Brez oznak, prvi označite!
|
MARC
| LEADER | 00000 a a2200000 04500 | ||
|---|---|---|---|
| 001 | 40415 | ||
| 003 | |||
| 040 | |||
| 100 | |a Cortés Ramos, Alberto | ||
| 245 | |a Los límites del referendo sobre el TLC como instrumento de participación política en Costa Rica= |b The limits of CAFTA referendum as a tool por political participation in Costa Rica / |c Alberto Cortés Ramos | ||
| 500 | |a acortes.ramos@gmail.com | ||
| 520 | |a El presente es un estudio que aborda el referéndum sobre el TLC con los Estados Unidos desde una perspectiva de la comunicación política, analizando elementos tales como: la estructura el campo mediático en la que se desarrollaron las campañas, incluyendo televisión, radio, prensa escrita e Internet; y las reglas del juego con las que se desarrolló el referéndum, incluido el tema del financiamiento, la agenda de los principales medios comerciales, el papel del Ejecutivo y la estrategia y contenido de las campañas desarrolladas por los grupos a favor (Sí) y en contra (No) del TLC. | ||
| 590 | |a SJB/FEBRERO2011 | ||
| 650 | |a REFERENDUM | ||
| 650 | |a MEDIOS DE COMUNICACION DE MASAS | ||
| 650 | |a REPRESION | ||
| 650 | |a PROPAGANDA | ||
| 650 | |a TLC | ||
| 650 | |a PARTICIPACION POLITICA | ||
| 650 | |a PARTICIPACION SOCIAL | ||
| 650 | |a PODER POLITICO | ||
| 650 | |a COSTA RICA | ||
| 773 | |g número121 (2008), páginas 31-47 : gráficos | ||
| 999 | |c 40209 |d 40209 | ||
| 773 | 0 | |0 18728 |9 3023 |a Universidad de Costa Rica |d San José, Costa Rica Editorial UCR 1956- |o 17137 |t Revista de Ciencias Sociales/ |x 04825276 | |
